00549nam a22001697a 450000500170000001000350001702000260005203500330007803700150011108200060012610000160013224500910014826000360023927000630027530000380033870000030037620110713122833.0 aENG-103012 B-464281 B-464284 a9789380658759c495.00 aEN-86545 B-464281 B-464284 bDBAD / PUB aS aJug Suraiya aJS & the times of my life :cby Jug Suraiyaba worm's -eye view of Indian journalism / aChennaibTranquebar Pressc2011 aVenkat Towers, 165, P.H.Road, MaduravoyalbChennaie600095 ax,340p. :c21cm (Hb) bb&w photos